India a Čína na ceste do toptriády diplomová práca

Uložené v:
Podrobná bibliografia
Hlavný autor: Sakhia, Odgerel
Korporativný autor: Fakulta medzinárodných vzťahov EU. Katedra medzinárodných ekonomických vzťahov a hospodárskej diplomacie
Ďalší autori: Lysák, Ladislav
Médium: Kniha
Jazyk:Slovak
Vydavateľské údaje: Bratislava 2011
Tagy: Pridať tag
Žiadne tagy, Buďte prvý, kto otaguje tento záznam!

MARC

LEADER 00000nbm a2200000 4500
001 0131076
005 20161109101646.2
041 0 |a slo 
044 |a SK 
245 1 0 |a India a Čína na ceste do toptriády  |b diplomová práca  |c Odgerel Sakhia ; školiteľ: Ladislav Lysák 
264 1 |a Bratislava  |c 2011 
300 |a 81 s. 
100 1 |a Sakhia, Odgerel 
700 1 |a Lysák, Ladislav 
710 2 |a Fakulta medzinárodných vzťahov EU. Katedra medzinárodných ekonomických vzťahov a hospodárskej diplomacie